000 00975nam a2200253Ia 4500
003 OSt
005 20221002045712.0
006 a|||||r|||| 00| 0
007 ta
008 220930b |||||||| |||| 00| 0 hin d
020 _a9788126725878 (hbk)
_c6000
024 _a16664
037 _bBR8453, 23/03/2015, Rajkamal Prakashan Pvt. Ltd.
_cReference Collections
040 _aCRL
_cCRL
_bhin
041 _2hin
_ahin
082 _aSigmak, 152Q3.1-.6
100 _aदुबे, अभय कुमार, संपा.
245 0 _aसमाज - विज्ञान विश्वकोश
260 _aनयी
_bदिल्ली राजकमल प्रकाशन
_c2013
490 _vखण्ड 1
650 _aअनुसंधान
942 _hSigmak, 152Q3.1-.6
_cref
_2CC
999 _c912977
_d912977